000 00325nam a2200133Ia 4500
008 220216s9999 xx 000 0 und d
100 _aDock E H
245 0 _aTesting of rubber composition soles
260 _bIRI Transactions
_c1937
300 _a160-172
650 _aAgeing
650 _aRubber composition
942 _cJS
999 _c70412
_d70412